[Event "48th Italian Teams 2016"]
[Site "Civitanova Marche ITA"]
[Date "2016.04.28"]
[Round "3.1"]
[Board "4"]
[White "Stromboli, Carlo"]
[Black "Rambaldi, Francesco"]
[Result "1/2-1/2"]
[WhiteTitle "FM"]
[BlackTitle "GM"]
[WhiteElo "2311"]
[BlackElo "2554"]
[WhiteTeam "Partenopea Westend Napoli"]
[BlackTeam "Obiettivo Risarcimento Padova"]
[WhiteFideId "815853"]
[BlackFideId "20657307"]
[EventDate "2016.04.27"]

1. e4 c5 2. Nf3 Nc6 3. c3 d5 4. exd5 Qxd5 5. d4 e6 6. Be3 cxd4 7. cxd4 Nf6 8.
Be2 Bb4+ 9. Nc3 O-O 10. O-O Bxc3 11. bxc3 b6 12. Re1 Bb7 13. c4 Qd6 14. Rb1 Qc7
15. Qa4 Ng4 16. h3 Nxe3 17. fxe3 Ne7 18. Qc2 Qg3 19. Bd1 Rac8 20. Rc1 Bd5 21.
Qd3 Ng6 22. Qf1 Bb7 23. Qf2 Qd6 24. e4 Qa3 25. Qd2 e5 26. Re3 Qd6 27. d5 Ba6 28.
Rec3 Rc7 29. Qe3 Rfc8 30. Be2 h6 31. Nd2 Rb8 32. Nb3 Nf8 33. c5 bxc5 34. Nxc5
Bxe2 35. Qxe2 Rbc8 36. Qf2 Qg6 37. Na4 Rxc3 38. Rxc3 Rxc3 39. Nxc3 Qa6 40. Qc5
Qd3 41. Kf2 Qd2+ 42. Kf3 Ng6 43. g3 h5 44. h4 Qe1 45. Ne2 Nf8 46. Qxa7 f5 47.
exf5 Qh1+ 48. Ke3 Qxd5 49. Nc3 Qg2 50. Ne2 e4 51. Qd4 Qf3+ 52. Kd2 Qxf5 53. Nf4
Qa5+ 54. Ke3 Qxa2 55. Kxe4 Qb1+ 56. Kf3 Qf1+ 57. Ke3 Qg1+ 58. Ke4 Qe1+ 59. Kf3
Qf1+ 60. Ke4 1/2-1/2

[Event "48th Italian Teams 2016"]
[Site "Civitanova Marche ITA"]
[Date "2016.04.28"]
[Round "3.2"]
[Board "1"]
[White "Socko, Bartosz"]
[Black "Swiercz, Dariusz"]
[Result "1/2-1/2"]
[WhiteTitle "GM"]
[BlackTitle "GM"]
[WhiteElo "2584"]
[BlackElo "2655"]
[WhiteTeam "Circolo Scacchi R. Fischer Chieti"]
[BlackTeam "WorldTradingLab Club 64 Modena"]
[WhiteFideId "1107038"]
[BlackFideId "1126881"]
[EventDate "2016.04.27"]

1. d4 Nf6 2. c4 g6 3. Nc3 d5 4. cxd5 Nxd5 5. e4 Nxc3 6. bxc3 Bg7 7. Nf3 c5 8.
Be3 Qa5 9. Qd2 Nc6 10. Rb1 cxd4 11. cxd4 O-O 12. Qxa5 Nxa5 13. Bd3 Bg4 14. h3
Bxf3 15. gxf3 Rfd8 16. d5 e6 17. Bg5 Bc3+ 18. Ke2 f6 19. Rhc1 fxg5 20. Rxc3 exd5
21. Rb5 b6 22. Rxd5 Rxd5 23. exd5 Rd8 24. Be4 Rd7 25. Ke3 Kf7 26. Kd4 Nb7 27.
Rc6 Nd8 28. Rc8 Kf6 29. Ke3 Nf7 30. Rc6+ Nd6 31. Kd4 Ke7 32. Bd3 Rd8 33. Rc7+
Rd7 34. Rc1 Rd8 35. Rc7+ Rd7 36. Rc6 Rd8 37. Rc7+ 1/2-1/2

[Event "48th Italian Teams 2016"]
[Site "Civitanova Marche ITA"]
[Date "2016.04.28"]
[Round "3.2"]
[Board "2"]
[White "Brunello, Sabino"]
[Black "Rombaldoni, Axel"]
[Result "1/2-1/2"]
[WhiteTitle "GM"]
[BlackTitle "GM"]
[WhiteElo "2570"]
[BlackElo "2553"]
[WhiteTeam "WorldTradingLab Club 64 Modena"]
[BlackTeam "Circolo Scacchi R. Fischer Chieti"]
[WhiteFideId "813613"]
[BlackFideId "815837"]
[EventDate "2016.04.27"]

1. d4 Nf6 2. c4 e6 3. Nf3 b6 4. g3 Ba6 5. b3 Bb4+ 6. Bd2 Be7 7. Nc3 c6 8. e4 d5
9. Qe2 c5 10. exd5 exd5 11. Bg2 O-O 12. O-O Re8 13. Rad1 Nc6 14. Be3 Qc8 15. Ne5
cxd4 16. Nxc6 dxc3 17. Nxe7+ Rxe7 18. Qc2 dxc4 19. bxc4 Bb7 20. Bxb7 Rxb7 21.
Qxc3 Qh3 22. f3 Re8 23. Rfe1 Rbe7 1/2-1/2

[Event "48th Italian Teams 2016"]
[Site "Civitanova Marche ITA"]
[Date "2016.04.28"]
[Round "3.2"]
[Board "3"]
[White "Garcia Palermo, Carlos"]
[Black "Codenotti, Marco"]
[Result "1/2-1/2"]
[WhiteTitle "GM"]
[BlackTitle "IM"]
[WhiteElo "2440"]
[BlackElo "2399"]
[WhiteTeam "Circolo Scacchi R. Fischer Chieti"]
[BlackTeam "WorldTradingLab Club 64 Modena"]
[WhiteFideId "110124"]
[BlackFideId "800015"]
[EventDate "2016.04.27"]

1. d4 d5 2. c4 c6 3. Nf3 Nf6 4. Qc2 g6 5. e3 Bf5 6. Bd3 Bxd3 7. Qxd3 Bg7 8. Nbd2
O-O 9. O-O c5 10. b3 cxd4 11. exd4 Nc6 12. Bb2 Rc8 13. Rfe1 dxc4 14. bxc4 b5 15.
c5 Qd7 16. Rab1 a6 17. a4 Rb8 18. axb5 axb5 19. Nb3 Rfd8 20. Bc3 Qc7 21. Qe2 Nd5
22. Bd2 e6 23. g3 h6 24. h4 b4 25. Ra1 Ra8 26. Ra6 Qb7 27. Rea1 Nc7 28. Rxa8
Rxa8 29. Rxa8+ Qxa8 30. Bf4 Nd5 31. Be5 Nc3 32. Qd3 Qa2 33. Bxg7 Kxg7 34. Nfd2
h5 35. Kg2 Qa8 36. Qf3 Qa4 37. Kh2 Qb5 38. Ne4 Nxe4 39. Qxe4 Qc4 40. Qxc6 Qxb3
41. Qe4 Qc4 42. Qe5+ Kg8 43. Qb8+ Kg7 44. Qe5+ Kg8 1/2-1/2

[Event "48th Italian Teams 2016"]
[Site "Civitanova Marche ITA"]
[Date "2016.04.28"]
[Round "3.2"]
[Board "4"]
[White "Caprio, Guido"]
[Black "Rombaldoni, Denis"]
[Result "0-1"]
[WhiteTitle "IM"]
[BlackTitle "IM"]
[WhiteElo "2429"]
[BlackElo "2467"]
[WhiteTeam "WorldTradingLab Club 64 Modena"]
[BlackTeam "Circolo Scacchi R. Fischer Chieti"]
[WhiteFideId "834580"]
[BlackFideId "813575"]
[EventDate "2016.04.27"]

1. c4 d6 2. d4 e5 3. d5 f5 4. e4 fxe4 5. Nc3 Nf6 6. Bg5 Bf5 7. Nge2 Be7 8. Ng3
Bg6 9. h4 O-O 10. h5 Be8 11. Nf5 h6 12. Qd2 Bd7 13. Nxe7+ Qxe7 14. Bxf6 Rxf6 15.
Nxe4 Rf4 16. Bd3 Bf5 17. Qe3 Nd7 18. g3 Bxe4 19. Bxe4 Rf6 20. O-O-O Qf8 21. f3
Nc5 22. Rdf1 Nxe4 23. Qxe4 Qf7 24. f4 exf4 25. Rxf4 Re8 26. Qd4 Rxf4 27. gxf4
Qf5 28. Rg1 Re7 29. Rg6 Qxh5 30. Re6 Rf7 31. Re8+ Kh7 32. b3 Rxf4 33. Qd3+ 0-1

[Event "48th Italian Teams 2016"]
[Site "Civitanova Marche ITA"]
[Date "2016.04.28"]
[Round "3.3"]
[Board "1"]
[White "Bosiocic, Marin"]
[Black "Bertagnolli, Alexander"]
[Result "1-0"]
[WhiteTitle "GM"]
[BlackTitle "IM"]
[WhiteElo "2564"]
[BlackElo "2376"]
[WhiteTeam "SST 1904"]
[BlackTeam "Euro Scacchi Perugia"]
[WhiteFideId "14507927"]
[BlackFideId "809551"]
[EventDate "2016.04.27"]

1. e4 c5 2. Nf3 e6 3. d4 cxd4 4. Nxd4 Qb6 5. Nc3 Bc5 6. Na4 Qa5+ 7. c3 Bxd4 8.
Qxd4 Nf6 9. Nc5 Nc6 10. Qd6 b6 11. Nb3 Qe5 12. Qxe5 Nxe5 13. f3 Ke7 14. Bf4 Ng6
15. Bd2 e5 16. c4 d6 17. Rd1 Nd7 18. Na1 Nc5 19. Nc2 f5 20. b4 Nb7 21. Ne3 f4
22. Nd5+ Kf7 23. g3 Be6 24. Be2 Bxd5 25. cxd5 a5 26. Rc1 Rhc8 27. Rxc8 Rxc8 28.
Ba6 Rc7 29. a3 h5 30. Ke2 axb4 31. axb4 h4 32. g4 Ke7 33. Ra1 Nd8 34. Bd3 Rb7
35. Bb5 Rb8 36. Be1 Rc8 37. Ra7+ Kf6 38. Kd2 Nf7 39. Ra6 Ng5 40. Be2 Ke7 41. b5
Rb8 42. Bf2 h3 43. Kd1 Rb7 44. Bxb6 Nf8 45. Bf2 Nxf3 46. Bxf3 Rxb5 47. Kc2 g5
48. Ra4 Rb7 49. Ra7 Rxa7 50. Bxa7 Nd7 51. Kd3 Nf6 52. Bg1 Kd7 53. Bd1 Kc7 54.
Be2 Kb7 55. Bf1 Nxg4 56. Bxh3 Nf6 57. Bf5 Ng8 58. Ke2 Nf6 59. Kf3 Ka6 60. Bf2
Kb5 61. h4 gxh4 62. Bxh4 Nh5 63. Bg6 1-0

[Event "48th Italian Teams 2016"]
[Site "Civitanova Marche ITA"]
[Date "2016.04.28"]
[Round "3.3"]
[Board "2"]
[White "Lodici, Lorenzo"]
[Black "Lostuzzi, Manlio"]
[Result "1-0"]
[WhiteTitle "FM"]
[BlackTitle "FM"]
[WhiteElo "2371"]
[BlackElo "2422"]
[WhiteTeam "Euro Scacchi Perugia"]
[BlackTeam "SST 1904"]
[WhiteFideId "884189"]
[BlackFideId "802441"]
[EventDate "2016.04.27"]

1. d4 f5 2. e4 fxe4 3. Nc3 Nf6 4. Bg5 Nc6 5. d5 Ne5 6. Qe2 d6 7. O-O-O c6 8.
Nxe4 Qa5 9. Kb1 Nxe4 10. Qxe4 Bd7 11. Nf3 Nxf3 12. Qxf3 O-O-O 13. Bc4 h6 14. Bd2
Qc5 15. Bb3 cxd5 16. Bxd5 Qc7 17. Rhe1 Bc6 18. Bc3 e5 19. Qe3 b6 20. Qe4 Bxd5
21. Qxd5 Be7 22. f4 Bf6 23. Bb4 exf4 24. Bxd6 Rxd6 25. Qxd6 Qxd6 26. Rxd6 Kc7
27. Rd5 Bd8 28. Rf5 g5 29. Rf7+ Kb8 30. c3 a5 31. a4 h5 32. Kc2 Rh6 33. Rf8 Kc7
34. Rf7+ Kc6 35. Rf5 h4 36. h3 Rg6 37. Re4 Kd6 38. Kd3 Bc7 39. Ree5 g4 40. Rg5
Rf6 41. Ref5 Rxf5 42. Rxf5 f3 43. gxf3 gxh3 44. Rh5 Bd8 45. Ke4 h2 46. Rd5+ Kc6
47. Rd1 Kc5 48. Rh1 Kc4 49. Rxh2 Kb3 50. f4 Kxa4 51. Rd2 Be7 52. Ke5 Kb3 53. f5
Bg5 54. Rh2 Bd8 55. Ke6 Bc7 56. Rxh4 Kxb2 57. f6 Bg3 58. Rg4 1-0

[Event "48th Italian Teams 2016"]
[Site "Civitanova Marche ITA"]
[Date "2016.04.28"]
[Round "3.3"]
[Board "3"]
[White "Messa, Roberto"]
[Black "Sibilio, Mario"]
[Result "0-1"]
[WhiteTitle "IM"]
[BlackTitle "FM"]
[WhiteElo "2299"]
[BlackElo "2314"]
[WhiteTeam "SST 1904"]
[BlackTeam "Euro Scacchi Perugia"]
[WhiteFideId "800457"]
[BlackFideId "800422"]
[EventDate "2016.04.27"]

1. d4 Nf6 2. Bf4 b6 3. Nd2 Bb7 4. c3 g6 5. h3 Bg7 6. Ngf3 O-O 7. e3 d6 8. Bc4
Nbd7 9. O-O Qe8 10. Bh2 e5 11. b4 Qe7 12. Rc1 a6 13. a4 Ne4 14. Nxe4 Bxe4 15.
Re1 Kh8 16. d5 Bxf3 17. Qxf3 e4 18. Qe2 a5 19. Bb5 Be5 20. Bxd7 Bxh2+ 21. Kxh2
Qxd7 22. b5 Rae8 23. Rcd1 Qf5 24. Kg1 f6 25. Rd4 Rf7 26. Red1 Qe5 27. Rc4 Ree7
28. Rdd4 f5 29. Qc2 Qf6 30. Qd2 Qg5 31. Kh2 Rg7 32. Qe2 h5 33. Kg1 h4 34. Kh1
Rh7 35. Kg1 Kg8 36. Kf1 Rhf7 37. Kg1 Rg7 38. Kf1 Qh6 39. Ke1 Qg5 40. Kf1 Kf8 41.
Qd2 Qh5 42. Qe2 Qh6 43. Ke1 g5 44. Kd2 g4 45. hxg4 Rxg4 46. f3 Rg3 47. fxe4 Qg5
48. Kd3 f4 49. Qf1 Rf7 0-1

[Event "48th Italian Teams 2016"]
[Site "Civitanova Marche ITA"]
[Date "2016.04.28"]
[Round "3.3"]
[Board "4"]
[White "Marsili, Riccardo"]
[Black "De Eccher, Stefano"]
[Result "0-1"]
[BlackTitle "FM"]
[WhiteElo "2199"]
[BlackElo "2223"]
[WhiteTeam "Euro Scacchi Perugia"]
[BlackTeam "SST 1904"]
[WhiteFideId "832960"]
[BlackFideId "800678"]
[EventDate "2016.04.27"]

1. c4 c6 2. g3 d5 3. Bg2 Nf6 4. Nf3 dxc4 5. Na3 e5 6. Nxc4 e4 7. Ng5 Bc5 8. O-O
Bf5 9. Qc2 Qe7 10. Ne3 Bg6 11. Nh3 h6 12. b3 O-O 13. Bb2 Nbd7 14. Qc3 Ba3 15.
Bxa3 Qxa3 16. Nf4 Bh7 17. h4 Rad8 18. Nc2 Qe7 19. b4 Nb6 20. a4 Nbd5 21. Nxd5
Rxd5 22. Ne3 Rd7 23. Bh3 Nd5 24. Qb3 Nxe3 25. Qxe3 f5 26. b5 c5 27. Qb3+ Kh8 28.
d3 exd3 29. exd3 Rd4 30. Rae1 Qd8 31. Qe6 f4 32. Re5 Rxd3 33. gxf4 Qxh4 34. Bg2
Qxf4 35. Rxc5 b6 36. Rc8 Rd6 37. Rxf8+ Qxf8 38. Qc4 Bd3 0-1

[Event "48th Italian Teams 2016"]
[Site "Civitanova Marche ITA"]
[Date "2016.04.28"]
[Round "3.4"]
[Board "2"]
[White "Salvador, Roland"]
[Black "Amato, Andrea"]
[Result "1-0"]
[WhiteTitle "GM"]
[BlackTitle "FM"]
[WhiteElo "2434"]
[BlackElo "2293"]
[WhiteTeam "Accademia Milano"]
[BlackTeam "Banca Nuova Palermo"]
[WhiteFideId "5201047"]
[BlackFideId "813222"]
[EventDate "2016.04.27"]

1. Nf3 d5 2. b3 Nf6 3. Bb2 e6 4. c4 Be7 5. g3 a5 6. a3 a4 7. cxd5 exd5 8. b4
Nbd7 9. Bg2 O-O 10. O-O Ne4 11. d3 Bf6 12. Nd4 Nd6 13. Bxd5 c5 14. bxc5 Nxc5 15.
e4 Nf5 16. Nxf5 Bxb2 17. Ra2 Bxf5 18. Rxb2 Bh3 19. Re1 Qa5 20. Rb4 Rad8 21. d4
Na6 22. Rxa4 Qc7 23. Qb3 Qd7 24. Nc3 Nc7 25. Qxb7 Qg4 26. e5 Nxd5 27. Nxd5 Qg5
28. Nf4 Bc8 29. Qg2 Qh6 30. h4 Rfe8 31. Re3 Qb6 32. Qe4 Bb7 33. d5 Rc8 34. Rb4
Rc1+ 35. Re1 Qc7 36. Rxc1 Qxc1+ 37. Kh2 Ba8 38. Rb3 Qa1 39. Re3 Qb2 40. Kg2 h6
41. g4 Qd2 42. g5 hxg5 43. hxg5 Bb7 44. Rh3 g6 45. Rd3 Qb2 46. Nxg6 Kg7 47. Qf5
Re6 48. Rf3 1-0

[Event "48th Italian Teams 2016"]
[Site "Civitanova Marche ITA"]
[Date "2016.04.28"]
[Round "3.4"]
[Board "3"]
[White "Bifulco, Michel"]
[Black "Malloni, Marcello"]
[Result "1/2-1/2"]
[BlackTitle "FM"]
[WhiteElo "2175"]
[BlackElo "2344"]
[WhiteTeam "Banca Nuova Palermo"]
[BlackTeam "Accademia Milano"]
[WhiteFideId "828580"]
[BlackFideId "802956"]
[EventDate "2016.04.27"]

1. e4 e5 2. Nc3 Nc6 3. Bc4 Nf6 4. d3 Na5 5. Bb3 Nxb3 6. axb3 d5 7. exd5 Bb4 8.
Ne2 Nxd5 9. O-O O-O 10. Bd2 Nxc3 11. Bxc3 Bxc3 12. Nxc3 Qf6 13. Nd5 Qd6 14. Ne3
Bd7 15. Nc4 Qd5 16. Ra5 c5 17. Ne3 Qc6 18. Nc4 f6 19. Qa1 a6 20. Nd2 Bc8 21. Qa4
Qxa4 22. Rxa4 b6 23. f4 exf4 24. Raxf4 Re8 25. b4 cxb4 26. Rxb4 b5 27. Ne4 Bd7
28. Ng3 Bc6 29. Rd4 Re6 30. Kf2 Rae8 31. Rd1 g6 32. Rd2 Re5 33. Rd6 R8e6 34.
Rxe6 Rxe6 35. Re2 Kf7 36. Rxe6 Kxe6 37. Ne2 Ke5 38. b4 f5 39. g3 g5 40. Ke3 h6
41. h4 Bd5 1/2-1/2

[Event "48th Italian Teams 2016"]
[Site "Civitanova Marche ITA"]
[Date "2016.04.28"]
[Round "3.4"]
[Board "4"]
[White "Tirelli, Mauro"]
[Black "Ramondino, Renzo"]
[Result "0-1"]
[BlackTitle "FM"]
[WhiteElo "2198"]
[BlackElo "2143"]
[WhiteTeam "Accademia Milano"]
[BlackTeam "Banca Nuova Palermo"]
[WhiteFideId "845353"]
[BlackFideId "810304"]
[EventDate "2016.04.27"]

1. d4 e6 2. c4 Nf6 3. Nc3 c5 4. d5 exd5 5. cxd5 d6 6. e4 g6 7. Be2 Bg7 8. Nf3 a6
9. a4 Bg4 10. O-O O-O 11. Bg5 Nbd7 12. Qc2 Rb8 13. a5 Re8 14. h3 Bxf3 15. Bxf3
Qc7 16. Rfc1 h6 17. Be3 Re7 18. Qd2 g5 19. Ra4 b5 20. axb6 Nxb6 21. Rxa6 Nc4 22.
Qe2 Nxe3 23. fxe3 Ne8 24. Nb5 Qd7 25. Rc6 Be5 26. Ra1 Qd8 27. Bg4 Reb7 28. Nc3
Rxb2 29. Qd3 R2b3 30. Rc1 Qa5 31. Qf1 Rxc3 32. Ra1 Ra3 33. Rxa3 Qxa3 0-1

[Event "48th Italian Teams 2016"]
[Site "Civitanova Marche ITA"]
[Date "2016.04.28"]
[Round "3.5"]
[Board "1"]
[White "Valsecchi, Alessio"]
[Black "Aghayev, Miragha"]
[Result "1/2-1/2"]
[WhiteTitle "IM"]
[BlackTitle "FM"]
[WhiteElo "2492"]
[BlackElo "2378"]
[WhiteTeam "Montebelluna Master"]
[BlackTeam "Acqui Collino Group Acqui Terme"]
[WhiteFideId "818860"]
[BlackFideId "818070"]
[EventDate "2016.04.27"]

1. d4 Nf6 2. c4 g6 3. Nc3 d5 4. Bg5 Ne4 5. Bf4 Nxc3 6. bxc3 Bg7 7. Nf3 c5 8. e3
Nc6 9. cxd5 Qxd5 10. Be2 cxd4 11. cxd4 Qa5+ 12. Qd2 Qxd2+ 13. Kxd2 O-O 14. Rhc1
Rd8 15. Ke1 Bf5 16. a3 h6 17. Rc5 Be4 18. Rac1 g5 19. Bc7 Rd7 20. Bg3 1/2-1/2

[Event "48th Italian Teams 2016"]
[Site "Civitanova Marche ITA"]
[Date "2016.04.28"]
[Round "3.5"]
[Board "2"]
[White "Madiai, Federico"]
[Black "Zamengo, Fulvio"]
[Result "0-1"]
[BlackTitle "FM"]
[WhiteElo "2228"]
[BlackElo "2330"]
[WhiteTeam "Acqui Collino Group Acqui Terme"]
[BlackTeam "Montebelluna Master"]
[WhiteFideId "836230"]
[BlackFideId "852678"]
[EventDate "2016.04.27"]

1. e4 e6 2. d4 d5 3. Nd2 a6 4. Ngf3 c5 5. exd5 exd5 6. Be2 Nc6 7. O-O Nf6 8. Re1
Be6 9. c4 Be7 10. cxd5 Nxd5 11. Nb3 O-O 12. Nxc5 Bxc5 13. dxc5 Qa5 14. Ng5 Rad8
15. Bd2 Qxc5 16. Qb1 Nf6 17. Be3 Nd4 18. Bd3 h6 19. Nxe6 fxe6 20. h3 Nh5 21. Be4
Qb5 22. b3 Ne2+ 23. Rxe2 Qxe2 24. Bxb7 Nf4 25. Qe4 Rd1+ 26. Rxd1 Qxd1+ 27. Kh2
Qd6 28. g3 Nd5 29. Bd4 Rf7 30. Bc8 Re7 31. Qe2 Nf4 32. Be5 Qc6 33. Bb7 Rxb7 34.
Bxf4 Rd7 35. Qg4 Qe4 36. Qh5 Rd5 37. Qe8+ Kh7 38. Qc6 Rd4 39. Qxe4+ Rxe4 40. Be3
Rb4 41. Kg2 Kg6 42. Kf3 Kf5 43. Bc5 Rb7 44. b4 Ke5 45. Kg4 Rf7 46. Kh5 Kf5 47.
a4 Rc7 48. a5 e5 49. g4+ Kf6 50. Kh4 Rd7 51. Kh5 Rd3 52. h4 Rh3 0-1

[Event "48th Italian Teams 2016"]
[Site "Civitanova Marche ITA"]
[Date "2016.04.28"]
[Round "3.5"]
[Board "3"]
[White "Basso, Pier Luigi"]
[Black "Bisi, Samuele"]
[Result "1-0"]
[WhiteTitle "FM"]
[WhiteElo "2466"]
[BlackElo "2087"]
[WhiteTeam "Montebelluna Master"]
[BlackTeam "Acqui Collino Group Acqui Terme"]
[WhiteFideId "866970"]
[BlackFideId "843040"]
[EventDate "2016.04.27"]

1. d4 Nf6 2. c4 e6 3. Nc3 Bb4 4. Qc2 d5 5. a3 Bxc3+ 6. Qxc3 O-O 7. Bg5 Nbd7 8.
Nf3 h6 9. Bh4 b6 10. cxd5 exd5 11. Qc6 Rb8 12. Rc1 Bb7 13. Qxc7 Qxc7 14. Rxc7
Rfc8 15. Rxc8+ Rxc8 16. Kd1 Ne4 17. e3 Bc6 18. Bd3 g5 19. Bg3 Ba4+ 20. Ke2 Ndf6
21. Nd2 Bc2 22. f3 Bxd3+ 23. Kxd3 Nxd2 24. Kxd2 Kf8 25. h4 Ke7 26. hxg5 hxg5 27.
Kd3 Rc6 28. Be1 a6 29. Bb4+ Kd7 30. Rh8 Ke6 31. e4 g4 32. e5 1-0

[Event "48th Italian Teams 2016"]
[Site "Civitanova Marche ITA"]
[Date "2016.04.28"]
[Round "3.5"]
[Board "4"]
[White "Quirico, Paolo"]
[Black "Mrdja, Milan"]
[Result "0-1"]
[BlackTitle "IM"]
[WhiteElo "2065"]
[BlackElo "2342"]
[WhiteTeam "Acqui Collino Group Acqui Terme"]
[BlackTeam "Montebelluna Master"]
[WhiteFideId "823732"]
[BlackFideId "14500337"]
[EventDate "2016.04.27"]

1. c4 g6 2. g3 Bg7 3. Bg2 e6 4. Nf3 Ne7 5. Nc3 d5 6. cxd5 exd5 7. d4 c6 8. O-O
O-O 9. Bf4 Nf5 10. Qd2 Re8 11. Rfd1 Nd7 12. g4 Ne7 13. Bh6 Nf8 14. Bxg7 Kxg7 15.
h3 Ng8 16. b4 h6 17. a4 g5 18. b5 Ng6 19. e3 f5 20. Nh2 Nf6 21. f3 fxg4 22. hxg4
Be6 23. bxc6 bxc6 24. Ne2 Qd6 25. Rdb1 Bc8 26. Nf1 h5 27. gxh5 Nxh5 28. Nh2 Rh8
29. Qb4 Qe6 30. Ra3 Nh4 31. Ng4 Nf6 32. Nf2 Qd7 33. e4 Ba6 34. e5 Nh5 35. Bh3
Qd8 36. Qd2 Qe7 37. Rab3 Rab8 38. Bg4 Rxb3 39. Rxb3 Kh6 40. Bxh5 Bxe2 41. Qxe2
Kxh5 42. Qd1 Qe6 43. Ng4 Qf5 44. Nf6+ Kg6 45. Ng4 Rf8 46. Nf6 Qf4 47. Qd3+ Nf5
48. Kg2 Qg3+ 49. Kf1 Rh8 0-1

[Event "48th Italian Teams 2016"]
[Site "Civitanova Marche ITA"]
[Date "2016.04.29"]
[Round "4.1"]
[Board "2"]
[White "Vocaturo, Daniele"]
[Black "Rombaldoni, Axel"]
[Result "1/2-1/2"]
[WhiteTitle "GM"]
[BlackTitle "GM"]
[WhiteElo "2562"]
[BlackElo "2553"]
[WhiteTeam "Obiettivo Risarcimento Padova"]
[BlackTeam "Circolo Scacchi R. Fischer Chieti"]
[WhiteFideId "813192"]
[BlackFideId "815837"]
[EventDate "2016.04.27"]
[EventType "team"]

1. d4 Nf6 2. c4 e6 3. Nc3 Bb4 4. Nf3 b6 5. e3 Bb7 6. Bd3 Bxc3+ 7. bxc3 Be4 8.
Be2 O-O 9. O-O c5 10. Nd2 Bg6 11. Nb3 Qc7 12. a4 d5 13. dxc5 bxc5 14. Ba3 Nbd7
15. cxd5 Nxd5 16. Qd2 Rab8 17. c4 N5f6 18. Nc1 Rfd8 19. Qe1 Ne5 20. f3 Nc6 21.
Qc3 Nb4 22. e4 Nd7 23. Nb3 a5 24. Rfd1 Nb6 25. Rxd8+ Rxd8 26. Bb2 f6 27. Nxa5
Be8 28. Nb3 Nxa4 29. Qc1 Nd3 30. Bxd3 Rxd3 31. Nd2 Qd8 32. Nf1 Rb3 33. Ra2 Qd3
34. h3 h6 35. Ng3 Nxb2 36. Rxb2 Qd4+ 37. Rf2 Rc3 38. Qf1 Rc2 39. Nh1 Rxc4 40.
Kh2 Rb4 41. Qc1 Rc4 42. Qe1 Qe5+ 43. g3 Qc3 44. Qb1 Rb4 45. Qa2 Bf7 46. g4 e5
47. Qa8+ Kh7 48. Qa7 Bg6 49. h4 Rb1 50. Ng3 Qe3 51. Kg2 Qe1 52. Kh3 Qe3 53. Kg2
Qc1 54. Kh3 Be8 55. Rf1 Qb2 56. Rxb1 Qxb1 57. Qxc5 Qd3 58. Qf2 Bd7 59. h5 Bb5
60. Kg2 Bc4 61. Qb2 Be6 62. Qf2 Bc4 63. Kh3 Be6 64. Kh4 Qc3 65. Nf1 Qc1 66. Ne3
Qc3 67. Kg3 Qd3 68. Ng2 Bc4 1/2-1/2

[Event "48th Italian Teams 2016"]
[Site "Civitanova Marche ITA"]
[Date "2016.04.29"]
[Round "4.1"]
[Board "3"]
[White "Rombaldoni, Denis"]
[Black "Dvirnyy, Danyyil"]
[Result "1/2-1/2"]
[WhiteTitle "IM"]
[BlackTitle "GM"]
[WhiteElo "2467"]
[BlackElo "2555"]
[WhiteTeam "Circolo Scacchi R. Fischer Chieti"]
[BlackTeam "Obiettivo Risarcimento Padova"]
[WhiteFideId "813575"]
[BlackFideId "817570"]
[EventDate "2016.04.27"]
[EventType "team"]

1. d4 d5 2. c4 c6 3. Nc3 Nf6 4. e3 g6 5. Nf3 Bg7 6. Bd3 O-O 7. h3 c5 8. dxc5
dxc4 9. Bxc4 Qxd1+ 10. Kxd1 Nbd7 11. c6 bxc6 12. Bd2 Ne8 13. Nd4 Bb7 14. Nb3 Nd6
15. Be2 c5 16. f3 Rab8 17. Kc2 Rfc8 18. Na5 Ba8 19. b3 Nb6 20. Nc4 Nbxc4 21.
bxc4 Bc6 1/2-1/2

[Event "48th Italian Teams 2016"]
[Site "Civitanova Marche ITA"]
[Date "2016.04.29"]
[Round "4.1"]
[Board "4"]
[White "Rambaldi, Francesco"]
[Black "Shytaj, Luca"]
[Result "0-1"]
[WhiteTitle "GM"]
[BlackTitle "IM"]
[WhiteElo "2554"]
[BlackElo "2446"]
[WhiteTeam "Obiettivo Risarcimento Padova"]
[BlackTeam "Circolo Scacchi R. Fischer Chieti"]
[WhiteFideId "20657307"]
[BlackFideId "812633"]
[EventDate "2016.04.27"]
[EventType "team"]

1. e4 Nf6 2. e5 Nd5 3. d4 d6 4. Nf3 dxe5 5. Nxe5 c6 6. Be2 Bf5 7. O-O Nd7 8. Nf3
e6 9. c4 N5f6 10. Nc3 Bd6 11. Nh4 Bg6 12. g3 Qa5 13. Be3 Bh5 14. g4 g5 15. Ng2
Bg6 16. c5 Be7 17. Bxg5 h5 18. f3 e5 19. a3 Qc7 20. b4 Rd8 21. d5 cxd5 22. Ne3
Qb8 23. Bb5 Kf8 24. Bxd7 Rxd7 25. Bxf6 Bxf6 26. Ncxd5 hxg4 27. Qe2 Bg5 28. fxg4
Qd8 29. Rad1 Rh3 30. Kg2 Rxe3 31. Nxe3 Be4+ 32. Kg1 Bd3 33. Qf2 Bxf1 34. Rxf1
Bf4 35. Ng2 Rd2 36. Qf3 Qd4+ 37. Kh1 Qb2 38. Qxb7 Rf2 39. Rg1 Qc2 40. Re1 Qe2
41. Rg1 e4 42. Qd5 Qf3 43. c6 Rc2 44. Qd8+ Kg7 45. Qd4+ Kg8 46. Qd8+ Kg7 47. g5
Be5 48. Qd5 Bc7 49. Qd4+ Kg8 50. Qxa7 Bxh2 51. g6 Bxg1 52. Qxf7+ Qxf7 53. gxf7+
Kxf7 54. Kxg1 Rxc6 55. Nf4 Ra6 56. Nd5 Rxa3 57. Kf2 Ke6 58. Nb6 Rb3 59. Ke2 Ke5
60. Nc4+ Kf4 0-1

[Event "48th Italian Teams 2016"]
[Site "Civitanova Marche ITA"]
[Date "2016.04.29"]
[Round "4.2"]
[Board "1"]
[White "Swiercz, Dariusz"]
[Black "Valsecchi, Alessio"]
[Result "1-0"]
[WhiteTitle "GM"]
[BlackTitle "IM"]
[WhiteElo "2655"]
[BlackElo "2492"]
[WhiteTeam "WorldTradingLab Club 64 Modena"]
[BlackTeam "Montebelluna Master"]
[WhiteFideId "1126881"]
[BlackFideId "818860"]
[EventDate "2016.04.27"]
[EventType "team"]

1. d4 Nf6 2. c4 g6 3. Nf3 Bg7 4. g3 d5 5. cxd5 Nxd5 6. Bg2 Nb6 7. Nc3 Nc6 8. e3
O-O 9. O-O e5 10. d5 Na5 11. e4 c6 12. Bg5 f6 13. Be3 cxd5 14. Bxb6 Qxb6 15.
Nxd5 Qd8 16. Rc1 Nc6 17. Qb3 Rf7 18. Rfd1 Be6 19. h4 Rc8 20. Kh2 Kh8 21. Bh3
Bxh3 22. Kxh3 Qe8 23. Kg2 Rd8 24. Qc4 Rfd7 25. h5 gxh5 26. Rh1 f5 27. Ne3 Rd4
28. Qe2 fxe4 29. Nxd4 exd4 30. Nf5 d3 31. Nxg7 Qe5 32. Qxh5 Qxg7 33. Rc5 e3 34.
Rf5 Ne5 35. Rxe5 e2 36. Re8+ Rxe8 37. Qxe8+ Qg8 38. Qxg8+ Kxg8 39. Kf3 1-0